Me Han Hablau De Ti - Bryant Myers, Miky Woodz - Estadísticas

Estadísticas generales
  • Esta prueba ha sido intentada 230 veces
  • La puntuación promedio es 271 de 500
Estadísticas de respuestas
Letra % Correcto
A
91%
a
91%
Me
91%
me
91%
de
82%
De
82%
'e
82%
es
82%
habla
82%
que
82%
Que
82%
te
82%
Te
82%
ti
82%
82%
tu
82%
82%
Y
82%
y
82%
yo
82%
el
73%
hablau'
73%
en
64%
64%
pa'
64%
Pa'
64%
64%
se
64%
'Ta
64%
acostando
55%
bien
55%
cabrón
55%
caí
55%
ciego
55%
Con
55%
con
55%
cuando
55%
Cuando
55%
da
55%
estabas
55%
habían
55%
juego
55%
La
55%
la
55%
más
55%
Más
55%
no
55%
otro
55%
to'
55%
va
55%
ya
55%
Ya
55%
amor
45%
corazón
45%
creí
45%
culo
45%
día
45%
dos
45%
hoy
45%
lo
45%
nada
45%
partiste
45%
pedirme
45%
perdón
45%
pero
45%
Pero
45%
Por
45%
un
45%
vale
45%
baby
36%
Confié
36%
confié
36%
contarón
36%
cosa
36%
cosas
36%
deseo
36%
disuelve
36%
dolor
36%
enseñando
36%
extraño
36%
hay
36%
jangueo
36%
las
36%
les
36%
los
36%
mata
36%
montón
36%
nunca
36%
pierde
36%
posas
36%
poseo
36%
razón
36%
redes
36%
saber
36%
soy
36%
tiene
36%
todavía
36%
veces
36%
venir
36%
vuelve
36%
Ah
27%
ahí
27%
alante
27%
casi
27%
como
27%
contigo
27%
creo
27%
cuenta
27%
Desconocidos
27%
después
27%
extrañando
27%
fines
27%
gente
27%
gozas
27%
Hablan
27%
hablan
27%
iguales
27%
jode
27%
mayoría
27%
menos
27%
muere
27%
mujeres
27%
nadie
27%
nos
27%
pares
27%
piel
27%
quien
27%
quiero
27%
rompiste
27%
salgo
27%
semana
27%
siempre
27%
son
27%
sus
27%
también
27%
tenía
27%
tiempo
27%
trabajar
27%
una
27%
ver
27%
advirtió
18%
Ahora
18%
copa
18%
cristales
18%
dejarme
18%
destroza
18%
Dios
18%
endrogo
18%
eres
18%
espinas
18%
fue
18%
fumo
18%
ignoré
18%
imaginé
18%
imposible
18%
Maldigo
18%
mierda
18%
momento
18%
muerde
18%
olvidar
18%
pasamos
18%
pegar
18%
pendejo
18%
pensar
18%
putas
18%
recuerdes
18%
rompe
18%
rosas
18%
señales
18%
ser
18%
seres
18%
siendo
18%
soldado
18%
sospeche
18%
terminaste
18%
to'as
18%
veo
18%
viste
18%
viven
18%
volver
18%
caigo
9%
claro
9%
conocimos
9%
Esto
9%
estoy
9%
gagaga
9%
gaguiaste
9%
guerra
9%
herido
9%
pal
9%
perder
9%
tampoco
9%
traicioné
9%
tuvimos
9%
yeh
9%
No se encontraron pruebas coincidentes
Distribución de puntuación
Porcentaje de gente con cada puntuación
Porcentaje por número respondido
Historial de tus puntuaciones
No has intentado esta prueba.